| 000 | 00663nab a2200205 4500 | ||
|---|---|---|---|
| 001 | 90031 | ||
| 003 | OSt | ||
| 005 | 20230511090100.0 | ||
| 007 | tu | ||
| 008 | 110905s2000||||||| | ||
| 040 |
_aDE-2950 _cDE-2950 |
||
| 245 | 0 | 0 |
_aAlena Karaschinski gibt Ehrenamt ab _bStadtpolitik. Die Frankfurter Kreisverband der Grünen geht mit einer neuen Führungsspitze in das Wahljahr 2024./ _cthg/red |
| 264 | _c2023 | ||
| 653 | _aFrankfurt (Oder) | ||
| 653 | _aBündnis 90/ Die Grünen | ||
| 653 | _aVorstadtwahl | ||
| 653 | _aCo-Sprecherin Carla Ruhrmann | ||
| 773 | 0 |
_g34. Jahrgang (2023) Nr. 102, 03.05.2023, S. 15: mit Foto _tMärkische Oderzeitung |
|
| 942 |
_2z _cA |
||
| 999 |
_c372428 _d372428 |
||